01259nam a2200277 i 4500001000700000003000700007005001700014008004100031016003100072017004900103020001500152035002000167040003900187080001400226100005000240245007900290260002900369300005300398336002200451337003000473338002400503520030000527650003000827700003600857852008800893195530SpMaBN20250711063128.0240619s2003 sp | ||| ||spa 7 abimoBNE200305334492SpMaBN aM 8754-2003bOficina Depósito Legal Madrid a8473563425 a(OCoLC)52046594 aSpMaBNbspacSpMaBNerdcdES-MaACL a659:334.7 aOrdozgoiti de la Rica, Rafael0XX1640903eaut10aImagen de marca /cRafael Ordozgoiti de la Rica, Ignacio Pérez Jiménez aMadrid : bESIC, c2003. a216 páginas :bilustrado, gráficos ; c24 cm 2rdacontentatexto 2rdamediaasin mediación 2rdacarrieravolumen aEste libro explica cómo se desarrollan las percepciones , las imágenes de marca sobre productos, servicios, empresas e instituciones. Lo hacen en base a ejemplos reales, muchos de ellos conocidos desde " la trinchera", vividos por los autores en directo a lo largo de su carrera profesional. 0aImagen corporativa2embne1 aPérez Jiménez, Ignacioeaut aES-MaACLcDEPOJjN-10037hDonación: Helena de la JoyaxEncuadernación rústica